000 00457nam a2200181Ia 4500
001 10642
005 20260306161847.0
008 260306t2008||||xx |||||||||||||| ||spa||
041 _aESP
082 _a946.01
_bB81
100 _aBravo Castañeda, Gonzalo
_eAUT
245 0 _aHispania:
_bla epopeya de los romanos en la Península
260 _c2008
300 _a374 páginas :
_c25 cm.
650 _aGEN
654 _aCHU
942 _cLIB
_dJUS
_fJUS
_2ddc
_n
999 _c10642
_d10642